000
00330nam a2200145Ia 4500
008
150201s2004 xx 000 0 und d
082
_a
616.07
_b
S2004R
100
_a
ROSAI,JUAN
245
_a
SURGICAL PATHOLOGY
250
_a
9TH
260
_b
ELSEVIER
_a
DELHI
_c
2004
300
_a
1-1481
650
_a
PATHOLOGY
942
_2
ddc
_c
BK
999
_c
3371
_d
3371